000 00292nam a2200133Ia 4500
008 100328s9999 xx 000 0 und d
082 _b2446
100 _aArmstrong H. C.
245 _aGrey Wole
260 _bArthur Barker
630 _aGrey Wole
730 _aGrey Wole
942 _cBOOK
999 _c498659
_d498656